00631nam a2200193Ia 4500008004100000020001500041041001200056082001600068100002000084245007100104250000800175260002500183300000800208650000800216700001900224942000700243999001500250952017200265221030s9999 xx 000 0 und d a812033020x aEnglish a105.23bStr aB. G. Streetman 0aSolid State Electronic Devicescby B. G. Streetman, S. K. Banerjee a6th bPHIaNew Delhic2006 a581 aECE aS. K. Banerjee cBK c3958d3958 pBE 8247g295.00l0o105.23 Strr2024-06-13 00:00:00w2022-10-30yBK003Print4070aMIETLIBbMIETLIBcBL-Academic Block- A, FL-1, CUP-11, SH-2, R-2d2006-10-1910HBE